000 00308nam a22001337a 4500
008 170525b xxu||||| |||| 00| 0 eng d
020 _a3802305280
041 _aeng
080 _a621.3
100 _a26
101 _aIM
245 _aELEKTRONIK 1 ELEKTROTECHNISCHE GRUNDLAGEN
_cMEISTER,H
942 _2udc
_cBK
999 _c14246
_d14246